[Event "Bodensee Seniors op 5th"]
[Site "Bregenz"]
[Date "2019.05.27"]
[Round "2"]
[White "Norman, Kenneth I"]
[Black "Schnarwiler, Hans"]
[Result "1-0"]
[WhiteElo "2114"]
[BlackElo "1652"]
[PlyCount "39"]
[EventDate "2019.05.26"]
[EventType "swiss"]
[EventRounds "7"]
[EventCountry "AUT"]
[SourceTitle "CBM 190 Extra"]
[Source "ChessBase"]
[SourceDate "2019.07.15"]
[SourceVersion "1"]
[SourceVersionDate "2019.07.15"]
[SourceQuality "1"]

1. Nf3 Nf6 2. c4 g6 3. d4 Bg7 4. g3 d6 5. Bg2 Nbd7 6. Nc3 0-0 7. 0-0 Re8 8. e4 Nf8 9. h3 c5 10. Be3 cxd4 11. Nxd4 Ne6 12. Nde2 Nd7 13. Rb1 a6 14. a4 Qa5 15. Qd2 Qc7 16. b3 Nf6 17. Rfc1 Bd7 18. Nd5 Qc6 19. e5 Nxd5 20. cxd5 1-0